LEADER 00636nam a2200169 i 4500 001 000000225101 003 CaOOAMICUS 005 20131120000000.0 008 131120s1862 xx u000 u lat u 013 $a203999 040 $aSeMil$bita 245 10$aDynamilogiae. Vol. 3. 300 $aP. 997-1569. 773 0 $aSanseverino, Gaetano <1811-1865>$tPhilosophia christiana cum antiqua et nova comparatae.$dNeapoli : Typis Vincentii Manfredi, 1862-1866.$g6$w()11263 850 $aSeMil 852 $aSeMil$W1$xVenegono$y1$m2P III 16 FA$j175447$B175447$CSeMilBibl$Z2$F185438 $8I 996 $6245$aDynamilogiae. Vol. 3$9(OLS)http://semarc/title/322491 LEADER 01535nam a2200229 i 4500 001 000000009815 003 CaOOAMICUS 005 20210312084123.0 008 180830s1966 gw u000 u und u 040 $aSeMil$bita 245 10$aPapers presented to the Fourth International Conference on Patristic Studies held at Christ Church, Oxford, 1963 /$cedited by F.L. Cross. 260 $aBerlin :$bAkademie Verlag,$c1966. 300 $a3 v. ;$c25 cm. 700 1 $aCross, Frank Leslie <1900-1968>.$0(OLS)http://semarc/name/4843 700 1 $aInternational Conference on Patristic Studies <4. ; 1963 ; Oxford>.$0(OLS)http://semarc/name/4842 774 0 $tPatres Apostolici, Historica, Liturgica, Ascetica et Monastica.$kTexte und Untersuchungen zur Geschichte der altchristlichen Literatur$kStudia patristica $g[2$w()38453 774 0 $tEditiones, Critica, Philologica, Biblica.$kTexte und Untersuchungen zur Geschichte der altchristlichen Literatur$kStudia patristica $g1$w()38457 774 0 $tClassica, Philosophica et Ethica, Theologica, Augustiniana, Post-Patristica.$kTexte und Untersuchungen zur Geschichte der altchristlichen Literatur$kStudia patristica $g[3$w()38458 830 0$aStudia patristica .$0(OLS)http://semarc/title/22570 996 $6245$aPapers presented to the Fourth International Conference on Patristic Studies held at Christ Church, Oxford, 1963$9(OLS)http://semarc/title/12978 996 $6260$aBerlin :$bAkademie Verlag$9(OLS)http://semarc/publisher/29687